Modren Calculus and Analytic Geometry With Matrices Determinants and Vectors / (Record no. 616698)
[ view plain ]
| 000 -LEADER | |
|---|---|
| fixed length control field | 00565nam a22001577a 4500 |
| 003 - CONTROL NUMBER IDENTIFIER | |
| control field | NUST |
| 005 - DATE AND TIME OF LATEST TRANSACTION | |
| control field | 20260316144110.0 |
| 008 - FIXED-LENGTH DATA ELEMENTS--GENERAL INFORMATION | |
| fixed length control field | 260316b ||||| |||| 00| 0 eng d |
| 082 ## - DEWEY DECIMAL CLASSIFICATION NUMBER | |
| Classification number | 515.15 |
| Author Mark | KIB |
| 100 ## - MAIN ENTRY--PERSONAL NAME | |
| Personal name | M. Afzal Kazi, N.H. Zaidi, Mumtaz Hussain Kazi, Sakhawat Suri. |
| 9 (RLIN) | 133742 |
| 245 ## - TITLE STATEMENT | |
| Title | Modren Calculus and Analytic Geometry With Matrices Determinants and Vectors / |
| Statement of responsibility, etc. | M. Afzal Kazi, N.H. Zaidi, Mumtaz Hussain Kazi, Sakhawat Suri. |
| 260 ## - PUBLICATION, DISTRIBUTION, ETC. | |
| Place of publication, distribution, etc. | Lahore: |
| Name of publisher, distributor, etc. | Mumtaz Book Deport, |
| Date of publication, distribution, etc. | 1988. |
| 300 ## - PHYSICAL DESCRIPTION | |
| Extent | 441 p ; |
| Dimensions | 24.5 cm |
| 563 ## - BINDING INFORMATION | |
| Binding note | Paperback |
| 942 ## - ADDED ENTRY ELEMENTS (KOHA) | |
| Source of classification or shelving scheme | |
| Koha item type | Book |
| Withdrawn status | Lost status | Source of classification or shelving scheme | Damaged status | Not for loan | Permanent Location | Current Location | Date acquired | Total Checkouts | Full call number | Barcode | Date last seen | Price effective from | Koha item type |
|---|---|---|---|---|---|---|---|---|---|---|---|---|---|
| Institute of Geographical Information Systems (IGIS) | Institute of Geographical Information Systems (IGIS) | 03/16/2026 | 515.15 KIB | IGIS-698 | 03/16/2026 | 03/16/2026 | Book |
